000 01993nam0a2200373 4500
001 RU\NLR\bibl\546350
005 20260405073125.0
010 _a5-7692-0664-0
_9250
021 _aRU
_b2004-37367
_91870
035 _a(NLR Aleph) 000538554
090 _a1398262
_c1398262
100 _a20040823d2004 |||y0rusy50 ca
101 0 _arus
102 _aRU
105 _aa |||||||||
135 _acrmn mmmanaba
200 1 _aПеровскиты. Настоящее и будущее
_e(Многообразие прафаз, фазовые превращения, возможности синтеза новых соединений)
_fК.С. Александров, Б.В. Безносиков
_gОтв. ред. д.х.н. С.Д. Кирик
_gРос. акад. наук. Сиб. отд-ние, Ин-т физики им. Л.В. Киренского
210 _aНовосибирск
_cИзд-во СО РАН
_d2004
215 _a231 с.
_cил.
_d27
320 _aБиблиогр.: с. 209-230 (432 назв.) и в подстроч. примеч.
325 1 _aКопия доступна в электронной библиотеке РНБ
606 0 _aПеровскит
_91235500
_3RU\NLR\auth\66504239
686 _aД339 Перовскит
700 1 _4070
_8rus
_7ca
_aАлександров
_bК. С.
_cд-р физ.-мат. наук
_f1931-2010
_gКирилл Сергеевич
_3RU\NLR\AUTH\7720111
_93179
701 1 _aБезносиков
_bБ. В.
_gБорис Валерьевич
_4070
801 0 _aRU
_bNLR
_c20040823
_gPSBO
801 1 _aRU
_bNLR
_c20040823
830 _aАвт. по кн.
901 _eКнижные издания
942 _cBOOK
980 _aNB
981 1 3 _a(13) Документы, защищенные авторским правом
_b(13) Современная научная, научно-популярная и популярная л